000 00377nam a22001217a 4500
999 _c17610
_d17610
008 190408b xxu||||| |||| 00| 0 eng d
020 _a8171692311
050 _aLB2331
_b.A23 2008 c.1
245 _aAcademic Environment
_bAdvice, Counsel and Activities
_cedited by Rao and Reddy
260 _aNew Delhi
_bCommonwealth Publishers
_c2008
300 _aviii, 304p.
942 _2lcc
_cBK